<?xml version="1.0" encoding="UTF-8"?>
<record
    xmlns:xsi="http://www.w3.org/2001/XMLSchema-instance"
    xsi:schemaLocation="http://www.loc.gov/MARC21/slim http://www.loc.gov/standards/marcxml/schema/MARC21slim.xsd"
    xmlns="http://www.loc.gov/MARC21/slim">

  <leader>01793nam a2200253 a 4500</leader>
  <controlfield tag="001">BRCA_8954</controlfield>
  <controlfield tag="005">20190320210454.0</controlfield>
  <controlfield tag="008">050717s1790----sp-#######---#000-0#spa-#</controlfield>
  <datafield tag="041" ind1=" " ind2=" ">
    <subfield code="a">spa</subfield>
  </datafield>
  <datafield tag="044" ind1=" " ind2=" ">
    <subfield code="a">sp</subfield>
  </datafield>
  <datafield tag="084" ind1=" " ind2=" ">
    <subfield code="a">BE158</subfield>
    <subfield code="b">.P37 1790</subfield>
  </datafield>
  <datafield tag="245" ind1="1" ind2="0">
    <subfield code="a">Pastoral de nuestro sant&#xED;simo padre Benedicto XIV</subfield>
    <subfield code="b">de gloriosa memoria, siendo Cardenal Arzobispo de la Santa Iglesia de Bolonia ; e instrucciones eclesi&#xE1;sticas para su di&#xF3;cesi</subfield>
    <subfield code="c">traducidas del toscano por el Fr. Juan Facundo Raulin.</subfield>
  </datafield>
  <datafield tag="260" ind1=" " ind2=" ">
    <subfield code="a">Madrid</subfield>
    <subfield code="b">En la Imprenta Real</subfield>
    <subfield code="c">1790</subfield>
  </datafield>
  <datafield tag="300" ind1=" " ind2=" ">
    <subfield code="a">[38], 384 p. (t.1, 6a impresi&#xF3;n)</subfield>
    <subfield code="c">21.7 x 15 cm</subfield>
  </datafield>
  <datafield tag="500" ind1=" " ind2=" ">
    <subfield code="a">Estado f&#xED;sico: presenta encuadernaci&#xF3;n en pergamino</subfield>
  </datafield>
  <datafield tag="500" ind1=" " ind2=" ">
    <subfield code="a">Con marca de fuego: &#x201C;Procedencia de la marca: Convento de San Francisco Santa Mar&#xED;a del Pueblito de Quer&#xE9;taro (1). Instituci&#xF3;n: Orden de Frailes Menores. Provincia de San Pedro y San Pablo de Michoac&#xE1;n. Descripci&#xF3;n: Monograma conformado por las iniciales &#x201C;P&#x201D;, &#x201C;u&#x201D;, &#x201C;E&#x201D; seguidas de &#x201C;b&#x201D;, &#x201C;I&#x201D;, &#x201C;T&#x201D; y &#x201C;o&#x201D; que se desata como Pueblito (2) dentro de un filete en forma de rombo. Observaciones: Krausse la incluye entre las marcas no identificadas. David Saavedra la identifica como del Convento Franciscano de Santa Mar&#xED;a del Pueblito, Villa Corregidora de Quer&#xE9;taro. Ubicaci&#xF3;n de la marca en el libro: Canto superior, canto inferior y canto lateral&#x201D;</subfield>
  </datafield>
  <datafield tag="600" ind1="1" ind2="4">
    <subfield code="a">Benedicto XIV</subfield>
    <subfield code="c">Papa</subfield>
    <subfield code="d">1675-1758</subfield>
    <subfield code="9">22252</subfield>
  </datafield>
  <datafield tag="650" ind1="1" ind2="4">
    <subfield code="a">Iglesia cat&#xF3;lica</subfield>
    <subfield code="x">Disciplina</subfield>
    <subfield code="9">463</subfield>
  </datafield>
  <datafield tag="651" ind1=" " ind2="4">
    <subfield code="a">Bolonia (Arquidi&#xF3;cesis)</subfield>
    <subfield code="9">22253</subfield>
  </datafield>
  <datafield tag="700" ind1="1" ind2=" ">
    <subfield code="a">Facundo Raulin, Juan</subfield>
    <subfield code="e">tr.</subfield>
    <subfield code="9">22254</subfield>
  </datafield>
  <datafield tag="856" ind1=" " ind2=" ">
    <subfield code="a">http://www.marcasdefuego.buap.mx:8180/xmLibris/projects/firebrand/item.jsp?repository=marcas_de_fuego&amp;key=marcas_de_fuego_franciscanas_20150525130455_95ba.xml&amp;num=122</subfield>
  </datafield>
  <datafield tag="902" ind1=" " ind2=" ">
    <subfield code="a">CFM</subfield>
  </datafield>
  <datafield tag="942" ind1=" " ind2=" ">
    <subfield code="2">lcc</subfield>
    <subfield code="c">B</subfield>
  </datafield>
  <datafield tag="999" ind1=" " ind2=" ">
    <subfield code="c">8605</subfield>
    <subfield code="d">8605</subfield>
  </datafield>
  <datafield tag="952" ind1=" " ind2=" ">
    <subfield code="0">0</subfield>
    <subfield code="1">0</subfield>
    <subfield code="4">0</subfield>
    <subfield code="7">0</subfield>
    <subfield code="a">BRCA</subfield>
    <subfield code="b">BRCA</subfield>
    <subfield code="d">2017-07-05</subfield>
    <subfield code="l">0</subfield>
    <subfield code="o">BE158 .P37 1790</subfield>
    <subfield code="p">CFM00364</subfield>
    <subfield code="r">2019-03-22 00:00:00</subfield>
    <subfield code="w">2019-03-22</subfield>
    <subfield code="y">B</subfield>
  </datafield>
</record>
